| 000 | 00869nam a22002297a 4500 | ||
|---|---|---|---|
| 005 | 20240530110528.0 | ||
| 008 | 160310s2013 ua ao g b 000 0 ara d | ||
| 017 |
_a2013/1030 _bمصر . دار الكتب المصرية |
||
| 020 | _a9789774103147 | ||
| 040 | _aEG-CaGPL | ||
| 082 | 0 | 4 |
_221 _a659.1907172\ _bش إ |
| 100 | 0 | _aشادى ابراهيم بهلول | |
| 245 | 1 | 2 |
_aالاعلانات الصحفية و تاثيراتها / _cشادى ابراهيم بهلول |
| 250 | _aط1 | ||
| 260 |
_aالقاهرة : _bالمكتبة العصرية للنشر و التوزيع ، _c2013 . |
||
| 300 |
_a219 ص : _bايض ؛ _c24 سم . |
||
| 504 | _aيشتمل على ارجاعات ببليوجرافية | ||
| 650 | 0 | 4 | _aوسائل الاعلان |
| 650 | 0 | 4 | _aالاعلان بالصحف |
| 942 |
_2ddc _cBK |
||
| 999 |
_c62041 _d62041 |
||